Statistics for Sports Teams with the Most Wins

Click here to take the quiz!

General Stats

  • This quiz has been taken 444 times
  • The average score is 13 of 19

Answer Stats

LeagueCupsTeam% Correct
NBA16Los Angeles Lakers
98%
MLB27New York Yankees
98%
NBA17Boston Celtics
95%
MLB5Cincinnati Reds
86%
NFL6Pittsburgh Steelers
84%
NBA6Chicago Bulls
78%
MLB8Boston Red Sox
76%
NHL23Montreal Canadiens
75%
NFL5Dallas Cowboys
74%
MLB5Los Angeles Dodgers
71%
MLB11St. Louis Cardinals
69%
NHL11Detroit Red Wings
67%
NHL6Boston Bruins
66%
NHL13Toronto Maple Leafs
65%
NFL5San Fransisco 49ers
61%
NBA5San Antonio Spurs
57%
NHL5Edmonton Oilers
48%
MLB5Pittsburgh Pirates
40%
MLB5Philadelphia Athletics
25%

Score Distribution

Percentile by Number Answered

Percent of People with Each Score

Your Score History

You have not taken this quiz